Welcome to CU Library Online Public Access Catalogue (OPAC)

Be a motivational leader: (Record no. 3146)

MARC details
000 -LEADER
fixed length control field 00414nam a22001577a 4500
005 - DATE AND TIME OF LATEST TRANSACTION
control field 20260304110850.0
008 - FIXED-LENGTH DATA ELEMENTS--GENERAL INFORMATION
fixed length control field 250128b |||||||| |||| 00| 0 eng d
020 ## - INTERNATIONAL STANDARD BOOK NUMBER
International Standard Book Number 612608438842
020 ## - INTERNATIONAL STANDARD BOOK NUMBER
International Standard Book Number 9780781438841
050 ## - LIBRARY OF CONGRESS CALL NUMBER
Classification number BS 680.L4 EIM
Item number 1
100 ## - MAIN ENTRY--PERSONAL NAME
Personal name Eims, Leroy
245 ## - TITLE STATEMENT
Title Be a motivational leader:
Remainder of title lasting leadership principles
260 ## - PUBLICATION, DISTRIBUTION, ETC.
Place of publication, distribution, etc. England
Name of publisher, distributor, etc. victor
Date of publication, distribution, etc. 1996
300 ## - PHYSICAL DESCRIPTION
Extent 156p
942 ## - ADDED ENTRY ELEMENTS (KOHA)
Source of classification or shelving scheme Library of Congress Classification
Koha item type Books
Suppress in OPAC No
999 ## -
-- 3146
-- 3146
Holdings
Withdrawn status Lost status Source of classification or shelving scheme Damaged status Not for loan Collection Home library Current library Shelving location Date acquired Total checkouts Full call number Barcode Date last seen Copy number Price effective from Koha item type
    Library of Congress Classification     Non-fiction Business Library (Miotso) Business Library (Miotso) General stacks 03/04/2026   BS680.L4 EIM BSSM00002388 03/04/2026 1 03/04/2026 Books
    Library of Congress Classification     Non-fiction Business Library (Miotso) Business Library (Miotso) General stacks 03/04/2026   BS680.L4 EIM BSSM00002389 03/04/2026 2 03/04/2026 Books
    Library of Congress Classification     Non-fiction Graduate Library (Christ Temple) Graduate Library (Christ Temple) General stacks 01/28/2025   BS 680.L 4 GSCT00000394 01/28/2025 1 01/28/2025 Books
    Library of Congress Classification     Non-fiction Graduate Library (Christ Temple) Graduate Library (Christ Temple) General stacks 01/28/2025   BS 680.L 4 GSCT00000395 01/28/2025 2 01/28/2025 Books
    Library of Congress Classification     Non-fiction Undergraduate Library (Christ Temple) Undergraduate Library (Christ Temple) General stacks 09/01/2025   BS680.L4 EIM ulct00004545 09/01/2025 1 09/01/2025 Books
    Library of Congress Classification     Non-fiction Undergraduate Library (Christ Temple) Undergraduate Library (Christ Temple) General stacks 09/01/2025   BS680.L4 EIM ulct00004546 09/01/2025 2 09/01/2025 Books
    Library of Congress Classification     Non-fiction Undergraduate Library (Christ Temple) Undergraduate Library (Christ Temple) General stacks 09/01/2025   BS680.L4 EIM ulct00004547 09/01/2025 3 09/01/2025 Books
    Library of Congress Classification     Non-fiction Undergraduate Library (Christ Temple) Undergraduate Library (Christ Temple) General stacks 09/01/2025   BS680.L4 EIM ulct00004548 09/01/2025 4 09/01/2025 Books
© 2023-2024 Copyright: Central University Libraries. All Rights Reserved | Created by: Mahone Tech Office